| 000 | 00812nam a2200265 i 4500 | ||
|---|---|---|---|
| 001 | bg | ||
| 100 | 1 | _aKUCHARSKI, Tomasz | |
| 245 | 1 | 0 |
_aPodstawy programowania obliczeń : _bPascal, Matlab, Mathcad oraz współpraca z systemem operacyjnym / _cTomasz Kucharski ; Politechnika Gdańska. |
| 260 |
_aGdańsk : _bWydaw. PG, _c1996. |
||
| 300 |
_a166 s. : _b2 wykr. ; _c24 cm. |
||
| 504 | _aBibliogr. s. 161. - Indeks. | ||
| 521 | _aSkrypt dla studentów Wydz. Mechanicznego. | ||
| 630 | 0 | 9 | _aPascal |
| 630 | 0 | 9 | _aMatlab |
| 630 | 0 | 9 | _aMathcad |
| 650 | 9 |
_aKomputery _xprogramowanie |
|
| 655 | _aPodręczniki akademickie | ||
| 020 | _a8386537388 | ||
| 040 | _cBPK | ||
| 041 | 0 | _apl | |
| 080 | _a681.322.06(075.8) | ||
| 920 | _a83-86537-38-8 | ||
| 942 | _cKS | ||
| 008 | s pl f |000 0 pol | ||
| 999 |
_c31544 _d31544 |
||
| 856 |
_uhttp://koha.tu.koszalin.pl/cgi-bin/koha/opac-detail.pl?biblionumber=31544 _yKatalog online BPK |
||